Design of structural concrete/ (Record no. 8469)

MARC details
000 -LEADER
fixed length control field 00774nac a22002051u 4500
010 ## - LIBRARY OF CONGRESS CONTROL NUMBER
LC control number 85154065
082 00 - DEWEY DECIMAL CLASSIFICATION NUMBER
Classification number 624.1834
Item number DES
090 ## - LOCALLY ASSIGNED LC-TYPE CALL NUMBER (OCLC); LOCAL CALL NUMBER (OCLC)
-- 8469
-- 8469
100 ## - MAIN ENTRY--PERSONAL NAME
Personal name 20080729
245 00 - TITLE STATEMENT
Title Design of structural concrete/
Statement of responsibility, etc American Concrete Institute
260 ## - PUBLICATION, DISTRIBUTION, ETC. (IMPRINT)
Place of publication, distribution, etc Detroit, Mich. (Box 19150, Detroit 48219) :
Name of publisher, distributor, etc American Concrete Institute,1985
Date of publication, distribution, etc c1985.
300 ## - PHYSICAL DESCRIPTION
Extent 1 v. (various pagings) :
Other physical details ill. ;
Dimensions 28 cm.
490 1# - Series Statement
Series statement Computer program series ;
Volume/sequential designation COM-2(85)
511 ## - PARTICIPANT OR PERFORMER NOTE
Participant or performer note catalogued by: wessam
650 #0 - SUBJECT ADDED ENTRY--TOPICAL TERM
Topical term or geographic name as entry element Concrete construction
General subdivision Computer programs.
650 #0 - SUBJECT ADDED ENTRY--TOPICAL TERM
Topical term or geographic name as entry element Structural design
General subdivision Computer programs.
710 2# - ADDED ENTRY--CORPORATE NAME
Corporate name or jurisdiction name as entry element American Concrete Institute.
830 #0 - SERIES ADDED ENTRY--UNIFORM TITLE
Uniform title Computer program series ;
942 ## - ADDED ENTRY ELEMENTS (KOHA)
Item type Book - Borrowing
Call number prefix 624.1834DES
Holdings
Withdrawn status Item status Damaged status Not for loan Home library Current library Shelving location Date acquired Source of acquisition Total Checkouts Full call number Barcode Date last seen Koha item type
        Central Library Central Library First floor 08/03/2010 Purchase   624.1834DES 000009916 15/07/2025 Book - Borrowing